|
|
|
|
| LEADER |
00000cam a22000004a 4500 |
| 001 |
musev2_43835 |
| 003 |
MdBmJHUP |
| 005 |
20230905044605.0 |
| 006 |
m o d |
| 007 |
cr||||||||nn|n |
| 008 |
150630s2015 quc o 00 0 fre d |
| 020 |
|
|
|a 9782760543553
|
| 020 |
|
|
|z 9782760543546
|
| 035 |
|
|
|a (OCoLC)933515830
|
| 040 |
|
|
|a MdBmJHUP
|c MdBmJHUP
|
| 245 |
0 |
0 |
|a Des couvents en héritage / Religious Houses: A Legacy /
|c sous la direction de Luc Noppen, Thomas Coomans et Martin Drouin.
|
| 264 |
|
1 |
|a Quebec :
|b Presses de l'Universite du Quebec,
|c 2015.
|
| 264 |
|
3 |
|a Baltimore, Md. :
|b Project MUSE,
|c 2016
|
| 264 |
|
4 |
|c ©2015.
|
| 300 |
|
|
|a 1 online resource (512 pages).
|
| 336 |
|
|
|a text
|b txt
|2 rdacontent
|
| 337 |
|
|
|a computer
|b c
|2 rdamedia
|
| 338 |
|
|
|a online resource
|b cr
|2 rdacarrier
|
| 490 |
0 |
|
|a Patrimoine urbain ;
|v 15
|
| 505 |
0 |
|
|a Partie I L'heritage des couvents -- Partie II Des couvents en heritage.
|
| 588 |
|
|
|a Description based on print version record.
|
| 650 |
|
7 |
|a Convents
|x Conservation and restoration.
|2 fast
|0 (OCoLC)fst00877188
|
| 650 |
|
7 |
|a Convents.
|2 fast
|0 (OCoLC)fst00877187
|
| 650 |
|
6 |
|a Couvents (Édifices)
|x Conservation et restauration
|v Congres.
|
| 650 |
|
6 |
|a Couvents (Édifices)
|x Reconversion
|v Congres.
|
| 650 |
|
6 |
|a Architecture des couvents
|v Congres.
|
| 650 |
|
0 |
|a Convents
|v Congresses.
|
| 650 |
|
0 |
|a Convents
|x Remodeling for other use
|v Congresses.
|
| 650 |
|
0 |
|a Convents
|x Conservation and restoration
|v Congresses.
|
| 655 |
|
7 |
|a Conference papers and proceedings.
|2 fast
|0 (OCoLC)fst01423772
|
| 655 |
|
4 |
|a Libros electronicos
|
| 655 |
|
7 |
|a Electronic books.
|2 local
|
| 710 |
2 |
|
|a Project Muse.
|e distributor
|
| 830 |
|
0 |
|a Book collections on Project MUSE.
|
| 856 |
4 |
0 |
|z Texto completo
|u https://projectmuse.uam.elogim.com/book/43835/
|
| 945 |
|
|
|a Project MUSE - Custom Collection
|
| 945 |
|
|
|a Project MUSE - 2016 Complete
|
| 945 |
|
|
|a Project MUSE - 2016 History
|